Brief applied calculus / (Record no. 11256)
[ view plain ]
| 000 -LEADER | |
|---|---|
| fixed length control field | 00523cam a2200193 a 4500 |
| 020 ## - INTERNATIONAL STANDARD BOOK NUMBER | |
| ISBN | 0618293434 |
| 020 ## - INTERNATIONAL STANDARD BOOK NUMBER | |
| ISBN | 9780618293438 |
| 040 ## - CATALOGING SOURCE | |
| Transcribing agency | DLC |
| 082 ## - DEWEY DECIMAL CLASSIFICATION NUMBER | |
| Classification number | 515 ROC 2004 |
| 100 1# - MAIN ENTRY--AUTHOR NAME | |
| Personal name | Berresford, Geoffrey C., |
| 245 10 - TITLE STATEMENT | |
| Title | Brief applied calculus / |
| 250 ## - EDITION STATEMENT | |
| Edition statement | 3rd ed. |
| 260 ## - PUBLICATION, DISTRIBUTION, ETC. (IMPRINT) | |
| Place of publication | Boston : |
| Name of publisher | Houghton Mifflin, |
| Year of publication | c2004. |
| 300 ## - PHYSICAL DESCRIPTION | |
| Number of Pages | 1 v. (various pagings) : |
| Other physical details | ill. (some col.) ; |
| Dimensions | 24 cm. + |
| Accompanying material | 1 CD-ROM |
| 500 ## - GENERAL NOTE | |
| General note | Includes indexes. |
| 650 #0 - SUBJECT ADDED ENTRY--TOPICAL TERM | |
| Topical Term | Calculus. |
| 700 1# - ADDED ENTRY--PERSONAL NAME | |
| Personal name | Rockett, Andrew Mansfield. |
| 942 ## - ADDED ENTRY ELEMENTS (KOHA) | |
| Koha item type | សៀវភៅភាសាអង់គ្លេស |
| 952 ## - LOCATION AND ITEM INFORMATION (KOHA) | |
| Withdrawn status [LOCAL, KOHA] | 0 |
| Permanent Location | Date acquired | Koha item type | Lost status | Shelving location | Barcode | Current Location | Full call number |
|---|---|---|---|---|---|---|---|
| Library Block A | 2017-07-19 | សៀវភៅភាសាអង់គ្លេស | A029 | A16417 | Library Block A | 515 ROC 2004 A029 Or. |